000
00302 a2200157 4500
001
180168
020
_a
040
_c
Magnum
100
_a
França, Mary
240
1
0
_a
O dourado
_l
por
245
1
0
_a
O dourado
362
0
_a
1899
440
1
_a
Ática
697
_a
MAGNITO: I/ANIMAIS
942
_c
BK
999
_c
180168
_d
180168